000 00943nam a2200241Ia 4500
001 9055
003 GE_BSU
008 181216s||||||||xx |||||||||||||| ||und||
040 _cGE_BSU
080 _a821.353.1–4
100 _aკობიძე,რამაზ
245 _aიმ დაუვიწყარ დღეებში
245 _bომისდროინდელი ჩანაწერები
245 _cრედ.ნ.ლორთქიფანიძე.მხატვ.გ.ენაგული
260 _aთბილისი
260 _bნაკადული
260 _c1975
300 _a125გვ.20სმ.
653 _aიმ დაუვიწყარ დღეებში
653 _aომისდროინდელი ჩანაწერები
653 _aსაბჭოთა კავშირის დიდი სამამულო ომი
942 _cBK
999 _c42359
_d42359